[Event "Maritime op"]
[Site "Summerside CAN"]
[Date "2021.10.09"]
[Round "2.2"]
[White "Cliche, Philippe"]
[Black "Manley, Jason"]
[Result "0-1"]
[WhiteElo "1960"]
[BlackElo "2152"]
[PlyCount "66"]
[EventDate "2021.10.09"]
[EventType "swiss"]
[EventRounds "5"]
[EventCountry "CAN"]

1. e4 e6 2. d4 d5 3. exd5 exd5 4. Bd3 Bd6 5. h3 Nc6 6. Nf3 Nge7 7. O-O Be6 8.
Re1 Qd7 9. Bf1 h6 10. b3 O-O-O 11. c4 Bb4 12. Bd2 Bxd2 13. Nbxd2 dxc4 14. Ne4
Nxd4 15. Ne5 Qe8 16. Nxc4 Nec6 17. Qc1 Qf8 18. Qb2 f5 19. Nc3 Qf6 20. a4 g5 21.
Rab1 g4 22. hxg4 fxg4 23. Ne4 Qf4 24. Ng3 h5 25. Re4 Qf7 26. Rbe1 h4 27. Ne2
Bxc4 28. Nxd4 Nxd4 29. Bxc4 Qg7 30. Kh1 g3 31. Be6+ Nxe6 32. Qe2 h3 33. Rxe6
gxf2 0-1

[Event "Maritime op"]
[Site "Summerside CAN"]
[Date "2021.10.10"]
[Round "4.1"]
[White "Desforges, Jean"]
[Black "Manley, Jason"]
[Result "0-1"]
[WhiteElo "2131"]
[BlackElo "2152"]
[PlyCount "136"]
[EventDate "2021.10.09"]
[EventType "swiss"]
[EventRounds "5"]
[EventCountry "CAN"]

1. d4 Nf6 2. c4 e6 3. Nf3 c5 4. g3 cxd4 5. Nxd4 d5 6. Bg2 e5 7. Nf3 d4 8. O-O
Nc6 9. e3 Bc5 10. exd4 exd4 11. Nbd2 O-O 12. Nb3 Qb6 13. Qd3 h6 14. Nxc5 Qxc5
15. b4 Nxb4 16. Qxd4 Na6 17. Qxc5 Nxc5 18. Ba3 Nfd7 19. Rfe1 Rd8 20. Rad1 Ne6
21. Rd6 Nf6 22. Rxd8+ Nxd8 23. Nd4 Ne6 24. Nf5 Ne8 25. Nd6 Nxd6 26. Bxd6 a5 27.
c5 Ra7 28. f4 Bd7 29. f5 Nd4 30. Bb8 Ra8 31. Re7 Bc6 32. Bf4 Nxf5 33. Rxb7 Bxb7
34. Bxb7 Re8 35. c6 Ne7 36. a4 Nc8 37. Bc7 Re1+ 38. Kf2 Rc1 39. Bxa5 Ne7 40. c7
Kf8 41. Bb6 Ke8 42. a5 Kd7 43. a6 Nc8 44. Bxc8+ Kxc8 45. a7 Kb7 46. Ke3 Re1+
47. Kd4 Re8 48. Kc5 f5 49. Ba5 Ra8 50. Kd6 Rxa7 51. Bc3 Ra6+ 52. Ke7 g5 53. Be5
Kc8 54. h4 gxh4 55. gxh4 h5 56. Bf4 Ra4 57. Bg3 f4 58. Bf2 Kxc7 59. Kf6 Ra5 60.
Bd4 f3 61. Kg6 Kd6 62. Bf2 Ke6 63. Bg3 Rf5 64. Bf2 Ke5 65. Bg3+ Ke4 66. Bf2 Kf4
67. Kh6 Kg4 68. Kg6 Re5 0-1

[Event "Mercredi 2021.09.01 ABC"]
[Site "Montreal CAN"]
[Date "2021.09.01"]
[Round "1"]
[White "Adam, Rafael"]
[Black "Dompierre, Remi"]
[Result "1-0"]
[WhiteElo "1864"]
[BlackElo "1652"]
[PlyCount "113"]
[EventDate "2021.09.01"]
[EventType "tourn"]
[EventRounds "5"]
[EventCountry "CAN"]

1. d4 d5 2. c4 e5 3. dxe5 d4 4. Nf3 Nc6 5. a3 Bg4 6. Nbd2 Nge7 7. b4 Ng6 8. Nb3
Bxf3 9. exf3 Ngxe5 10. b5 Nb8 11. Qxd4 Qxd4 12. Nxd4 c5 13. Nf5 g6 14. Bb2 f6
15. Ne3 Nbd7 16. Nd5 Kf7 17. Be2 Re8 18. O-O Ng4 19. Bd3 Nh6 20. Rfe1 Bd6 21.
Re3 Ne5 22. Bf1 Nf5 23. Re4 Bb8 24. f4 Nd7 25. Rae1 Rxe4 26. Rxe4 Bd6 27. g3
Ng7 28. Bg2 Re8 29. a4 Rxe4 30. Bxe4 b6 31. Kf1 Ne6 32. f5 Nc7 33. fxg6+ hxg6
34. f4 f5 35. Bf3 Nxd5 36. Bxd5+ Ke7 37. Kf2 Nf6 38. Bf3 Ke6 39. Ke3 Bc7 40.
Bc3 Bd6 41. a5 Bc7 42. axb6 axb6 43. h3 Bd6 44. g4 fxg4 45. hxg4 Bc7 46. Bd2
Bb8 47. g5 Ne8 48. Bg4+ Kf7 49. Ke4 Ke7 50. Kd5 Nd6 51. Bc3 Nf7 52. Bf6+ Ke8
53. f5 gxf5 54. Bxf5 Bf4 55. Bg6 Kf8 56. Bxf7 Kxf7 57. Kc6 1-0

[Event "Mercredi 2021.09.01 ABC"]
[Site "Montreal CAN"]
[Date "2021.09.01"]
[Round "1"]
[White "Allaire, Denis"]
[Black "Varfalvy, Peter"]
[Result "1-0"]
[WhiteElo "1635"]
[BlackElo "1551"]
[PlyCount "61"]
[EventDate "2021.09.01"]
[EventType "tourn"]
[EventRounds "5"]
[EventCountry "CAN"]

1. e4 c6 2. Bc4 d5 3. Bb3 g6 4. e5 Bg7 5. f4 Qb6 6. d4 c5 7. dxc5 Qxc5 8. Qxd5
Qxd5 9. Bxd5 e6 10. Bf3 Ne7 11. Nc3 a6 12. Ne4 Nf5 13. g4 Nd4 14. Bd1 O-O 15.
c3 Nb5 16. Be3 Nd7 17. g5 Nc7 18. Ne2 Nd5 19. Bf2 Rd8 20. Bb3 Ne7 21. O-O-O Nf5
22. N2g3 Bf8 23. Nf6+ Kg7 24. Bb6 Nxb6 25. Rxd8 Ne7 26. h4 Nc6 27. Re8 Rb8 28.
h5 Bd7 29. hxg6 Bxe8 30. Rxh7+ Kxg6 31. Bc2# 1-0

[Event "Mercredi 2021.09.01 ABC"]
[Site "Montreal CAN"]
[Date "2021.09.01"]
[Round "1"]
[White "Bouchard, Jean-Marc"]
[Black "Gauthier, Luc"]
[Result "1-0"]
[WhiteElo "1833"]
[BlackElo "1702"]
[PlyCount "106"]
[EventDate "2021.09.01"]
[EventType "tourn"]
[EventRounds "5"]
[EventCountry "CAN"]

1. e4 Nf6 2. Nc3 d5 3. e5 d4 4. exf6 dxc3 5. fxe7 cxd2+ 6. Bxd2 Bxe7 7. Bc3
Qxd1+ 8. Rxd1 O-O 9. Bd3 Nd7 10. Ne2 Nf6 11. O-O c6 12. Ng3 Bg4 13. f3 Be6 14.
Nf5 Bc5+ 15. Kh1 Nd5 16. Bxg7 Rfe8 17. Bh6 Bxf5 18. Bxf5 Ne3 19. Bxe3 Rxe3 20.
Bd3 Rae8 21. g3 Bb4 22. c3 Ba5 23. Kg2 Rd8 24. Bc4 Rxd1 25. Rxd1 Kf8 26. Rd7
Re7 27. Rd1 Ke8 28. h4 Rd7 29. Rxd7 Kxd7 30. Bxf7 Bb6 31. f4 Ke7 32. Bc4 Be3
33. Bd3 h6 34. Kf3 Bc1 35. b3 Kf6 36. h5 Bb2 37. c4 Ba3 38. g4 Bd6 39. Bf5 b5
40. Bd7 bxc4 41. bxc4 c5 42. Ke4 a5 43. a4 Bc7 44. Kd5 Bxf4 45. Kxc5 Ke7 46.
Bf5 Kd8 47. Kc6 Be3 48. Kb7 Bc5 49. g5 hxg5 50. h6 Bd4 51. h7 Ke7 52. c5 Kf6
53. Be4 Kg7 1-0

[Event "Mercredi 2021.09.01 ABC"]
[Site "Montreal CAN"]
[Date "2021.09.01"]
[Round "1"]
[White "Jean, Robert"]
[Black "Lima-Barbosa, Raphael"]
[Result "0-1"]
[WhiteElo "1817"]
[BlackElo "1641"]
[PlyCount "87"]
[EventDate "2021.09.01"]
[EventType "tourn"]
[EventRounds "5"]
[EventCountry "CAN"]

1. d4 Nf6 2. c4 g6 3. Nc3 Bg7 4. e4 d6 5. f3 O-O 6. Be3 c5 7. d5 e6 8. Qd2 exd5
9. cxd5 Re8 10. Bh6 Nxe4 11. fxe4 Qh4+ 12. g3 Qxh6 13. Qxh6 Bxh6 14. Bg2 a6 15.
a4 b6 16. Nge2 Nd7 17. O-O Ne5 18. h3 Bd7 19. Rf6 Bf8 20. Nc1 Nc4 21. b3 Bg7
22. Rf3 Ne5 23. Re3 b5 24. Ra2 b4 25. N3e2 c4 26. bxc4 Nxc4 27. Rb3 a5 28. Nd3
Nb6 29. Nb2 Nxd5 30. Nc4 Nc3 31. Nxc3 Bxc3 32. Nxd6 Re5 33. Kh2 Be6 34. Rxc3
Bxa2 35. Rc7 Rd8 36. Rc6 Re6 37. e5 Rxe5 38. Ne4 Kg7 39. Rb6 Bd5 40. Rb5 Rxe4
41. Bxe4 Bxe4 42. Rxa5 Rb8 43. Rb5 Rxb5 44. axb5 0-1

[Event "Mercredi 2021.09.01 ABC"]
[Site "Montreal CAN"]
[Date "2021.09.01"]
[Round "1"]
[White "Kapush, Oleksandr"]
[Black "Jacquet, Stephane"]
[Result "1-0"]
[WhiteElo "2008"]
[BlackElo "2002"]
[PlyCount "33"]
[EventDate "2021.09.01"]
[EventType "tourn"]
[EventRounds "5"]
[EventCountry "CAN"]

1. e4 d6 2. d4 g6 3. Nc3 Bg7 4. Be3 a6 5. Qd2 b5 6. f3 Nd7 7. h4 h5 8. Nh3 Bb7
9. Ng5 c5 10. a4 b4 11. Bc4 e6 12. Ne2 Rc8 13. Ba2 Qa5 14. dxc5 dxc5 15. Nxf7
Bxb2 16. Nd6+ Ke7 17. Nc4 1-0

[Event "Mercredi 2021.09.01 ABC"]
[Site "Montreal CAN"]
[Date "2021.09.01"]
[Round "1"]
[White "Milosz, Jerzy"]
[Black "Shahabi, Shaha"]
[Result "1-0"]
[WhiteElo "1595"]
[BlackElo "1554"]
[PlyCount "117"]
[EventDate "2021.09.01"]
[EventType "tourn"]
[EventRounds "5"]
[EventCountry "CAN"]

1. e4 c5 2. Nf3 Nc6 3. d4 cxd4 4. Nxd4 Nf6 5. Nc3 d6 6. Bb5 Bd7 7. Nxc6 bxc6 8.
Bd3 g6 9. O-O Bg7 10. Bd2 O-O 11. Qc1 Qc7 12. Bh6 Bxh6 13. Qxh6 Ng4 14. Qh4
Rae8 15. h3 Ne5 16. Be2 f5 17. f4 Qb6+ 18. Qf2 Qxf2+ 19. Rxf2 Nf7 20. Bc4 Kg7
21. Re1 fxe4 22. Bxf7 Rxf7 23. Nxe4 Bf5 24. Nxd6 exd6 25. Rxe8 Kf6 26. Re3 d5
27. Rc3 Rc7 28. g4 Be4 29. f5 gxf5 30. gxf5 c5 31. Rb3 Bxf5 32. Kh2 Ke5 33. Rg3
Bg6 34. c3 c4 35. Rg5+ Kd6 36. Rf6+ Ke7 37. Ra6 Rb7 38. Re5+ Kf7 39. Re2 Be4
40. Rf2+ Kg7 41. Raf6 Rd7 42. R6f4 Bd3 43. Rg4+ Bg6 44. h4 Kh6 45. Rgf4 Rd6 46.
Rf6 Rd7 47. Kg3 Kg7 48. Re6 Bf7 49. Re5 Bg6 50. h5 Be4 51. Kh4 Kg8 52. Rg5+ Rg7
53. Rxg7+ Kxg7 54. Kg5 Bb1 55. a3 a5 56. Rf6 a4 57. h6+ Kg8 58. Rd6 Be4 59. Kf6
1-0

[Event "Mercredi 2021.09.01 ABC"]
[Site "Montreal CAN"]
[Date "2021.09.01"]
[Round "1"]
[White "Rodrigue-Lemieux, Shawn"]
[Black "Kozlov, Guennadi"]
[Result "1-0"]
[WhiteElo "2396"]
[BlackElo "1886"]
[PlyCount "63"]
[EventDate "2021.09.01"]
[EventType "tourn"]
[EventRounds "5"]
[EventCountry "CAN"]

1. c4 g6 2. g3 c5 3. Bg2 Nc6 4. Nc3 Bg7 5. Nf3 Nf6 6. d4 cxd4 7. Nxd4 O-O 8.
O-O Ng4 9. e3 Nge5 10. b3 a6 11. Bb2 Nxd4 12. exd4 Nc6 13. d5 Na7 14. d6 exd6
15. Qxd6 Qf6 16. Qd2 Qd4 17. Qc2 Qg4 18. Nd5 Qg5 19. Bxg7 Kxg7 20. Qc3+ f6 21.
Rae1 Nc6 22. f4 Qh6 23. Nxf6 Rxf6 24. Bxc6 Kf7 25. Bd5+ Re6 26. f5 gxf5 27.
Rxf5+ Ke7 28. Bxe6 dxe6 29. Qb4+ Ke8 30. Qd6 Bd7 31. Rf4 Rd8 32. Ref1 1-0

[Event "Mercredi 2021.09.01 ABC"]
[Site "Montreal CAN"]
[Date "2021.09.01"]
[Round "1"]
[White "Singher, Jean-Pierre"]
[Black "Beaulieu, Pierre"]
[Result "1-0"]
[WhiteElo "2093"]
[BlackElo "1902"]
[PlyCount "61"]
[EventDate "2021.09.01"]
[EventType "tourn"]
[EventRounds "5"]
[EventCountry "CAN"]

1. d4 Nf6 2. c4 c5 3. e3 g6 4. Nf3 Bg7 5. Be2 O-O 6. O-O d6 7. Nc3 Na6 8. b3
Bd7 9. Bb2 Rb8 10. Qd2 cxd4 11. exd4 Nc7 12. a4 d5 13. Ne5 a6 14. Rfe1 Bc6 15.
Bf3 e6 16. b4 dxc4 17. Bxc6 bxc6 18. Nxc6 Qd6 19. Nxb8 Ng4 20. g3 Rxb8 21. Ne4
Qc6 22. h3 Nh6 23. d5 Nxd5 24. Bxg7 Kxg7 25. Qd4+ f6 26. b5 axb5 27. axb5 Qxb5
28. Ra7+ Kf8 29. Nxf6 Nf5 30. Nxh7+ Kg8 31. Nf6+ 1-0

[Event "Mercredi 2021.09.01 ABC"]
[Site "Montreal CAN"]
[Date "2021.09.08"]
[Round "2"]
[White "Adam, Rafael"]
[Black "Bouchard, Jean-Marc"]
[Result "1-0"]
[WhiteElo "1864"]
[BlackElo "1833"]
[PlyCount "101"]
[EventDate "2021.09.01"]
[EventType "tourn"]
[EventRounds "5"]
[EventCountry "CAN"]

1. d4 e6 2. c4 d5 3. g3 f5 4. Bg2 Nf6 5. Nf3 c6 6. cxd5 exd5 7. O-O Bd6 8. Bf4
O-O 9. Nc3 Ne4 10. Bxd6 Qxd6 11. e3 Nd7 12. Qc2 Ndf6 13. Ne2 Be6 14. Ne5 Qe7
15. Nf4 Nd7 16. Nfd3 Bf7 17. Rab1 Nxe5 18. Nxe5 Bh5 19. b4 a6 20. a4 Rac8 21.
Rfc1 Qe6 22. Qb2 Nd6 23. Bf1 Be8 24. Qb3 b5 25. axb5 axb5 26. Ra1 Nc4 27. Nd3
Nd2 28. Qd1 Nxf1 29. Kxf1 Qe4 30. Kg1 Qe7 31. Ra6 g5 32. Rc5 Qb7 33. Qa1 Bd7
34. Rc3 Ra8 35. Rca3 Rxa6 36. Rxa6 Qc7 37. Ne5 Be8 38. Ra7 Qd6 39. Rb7 f4 40.
Qa7 Qh6 41. exf4 gxf4 42. Re7 fxg3 43. hxg3 Bh5 44. f4 Bg6 45. Qa2 Be4 46. Qh2
Qd6 47. Qh4 Rf6 48. Re8+ Kg7 49. Qg4+ Bg6 50. Qc8 Qxb4 51. Rg8+ 1-0

[Event "Mercredi 2021.09.01 ABC"]
[Site "Montreal CAN"]
[Date "2021.09.08"]
[Round "2"]
[White "Allaire, Denis"]
[Black "Milosz, Jerzy"]
[Result "0-1"]
[WhiteElo "1635"]
[BlackElo "1595"]
[PlyCount "76"]
[EventDate "2021.09.01"]
[EventType "tourn"]
[EventRounds "5"]
[EventCountry "CAN"]

1. e4 c6 2. Bc4 d5 3. Bb3 e6 4. e5 Na6 5. d4 c5 6. c3 Bd7 7. Ne2 Ne7 8. O-O Qb6
9. Nd2 Nc6 10. Nf3 Be7 11. Re1 Na5 12. Bc2 Rc8 13. Nf4 cxd4 14. Nxd4 Nc6 15.
Nxc6 Bxc6 16. Nh5 g6 17. Nf6+ Kd8 18. c4 Bxf6 19. exf6 Rc7 20. b3 Rd7 21. Be3
Qc7 22. c5 Nb4 23. Bd4 Nxc2 24. Qxc2 Re8 25. Qc3 Kc8 26. b4 Bb5 27. Qe3 h5 28.
Rad1 Qc6 29. Be5 Bc4 30. a3 b6 31. cxb6 Qxb6 32. Bd4 Qb7 33. Bxa7 Qxa7 34. Rd4
e5 35. a4 Qxd4 36. Qxd4 exd4 37. Rxe8+ Rd8 38. Re7 d3 0-1

[Event "Mercredi 2021.09.01 ABC"]
[Site "Montreal CAN"]
[Date "2021.09.08"]
[Round "2"]
[White "Beaulieu, Pierre"]
[Black "Kapush, Oleksandr"]
[Result "0-1"]
[WhiteElo "1902"]
[BlackElo "2008"]
[PlyCount "70"]
[EventDate "2021.09.01"]
[EventType "tourn"]
[EventRounds "5"]
[EventCountry "CAN"]

1. Nf3 g6 2. g3 Bg7 3. Bg2 d6 4. d4 Nf6 5. O-O O-O 6. c4 Nc6 7. Nc3 Bg4 8. h3
Bxf3 9. Bxf3 Nd7 10. e3 e5 11. d5 Ne7 12. e4 f5 13. Bg5 h6 14. Bxe7 Qxe7 15.
Qe2 Nf6 16. Rad1 Rae8 17. b4 b6 18. Rd3 h5 19. Kh2 Bh6 20. Re1 h4 21. exf5
hxg3+ 22. fxg3 gxf5 23. Bh5 Nxh5 24. Qxh5 Qh7 25. Rdd1 Re7 26. Ne2 Rg7 27. c5
Rg5 28. Qf3 Bg7 29. Rf1 Rh5 30. Qg2 Rg5 31. cxd6 cxd6 32. Rc1 f4 33. Rc7 Qd3
34. Kh1 f3 35. Qf2 Qxe2 0-1

[Event "Mercredi 2021.09.01 ABC"]
[Site "Montreal CAN"]
[Date "2021.09.08"]
[Round "2"]
[White "Dompierre, Remi"]
[Black "Lima-Barbosa, Raphael"]
[Result "0-1"]
[WhiteElo "1652"]
[BlackElo "1641"]
[PlyCount "116"]
[EventDate "2021.09.01"]
[EventType "tourn"]
[EventRounds "5"]
[EventCountry "CAN"]

1. e4 c5 2. Nf3 d6 3. Bb5+ Bd7 4. Bxd7+ Qxd7 5. O-O Nc6 6. c4 g6 7. d4 cxd4 8.
Nxd4 Bg7 9. Be3 Nf6 10. f3 O-O 11. Nc3 Rfc8 12. b3 Qd8 13. Qd2 Qa5 14. Rac1 Nd7
15. Nde2 a6 16. a4 Nc5 17. Bxc5 dxc5 18. Rfd1 Rd8 19. Qc2 e6 20. Rxd8+ Rxd8 21.
Kf1 Nd4 22. Nxd4 cxd4 23. Nb1 Qh5 24. h3 d3 25. Qd1 Bb2 26. Nd2 Bxc1 27. Qxc1
Qe5 28. b4 Qd4 29. a5 Qd6 30. Qc3 Qf4 31. Qc1 f5 32. Qe1 Kf7 33. g3 Qd6 34. c5
Qd4 35. Qb1 Qc3 36. Ke1 fxe4 37. fxe4 Rd4 38. Qd1 Rxe4+ 39. Kf1 Qf6+ 40. Qf3
Qxf3+ 41. Nxf3 Kf6 42. b5 axb5 43. a6 bxa6 44. Nd2 Re2 45. Nb3 Ke5 46. c6 Kd6
47. Nd4 Re4 48. c7 Kxc7 49. Nb3 Kb6 50. Nd2 Re2 51. Nf3 e5 52. Ng1 Rc2 53. Nf3
e4 54. Nd4 e3 55. h4 e2+ 56. Kf2 Kc5 57. Ne6+ Kc4 58. g4 Rc1 0-1

[Event "Mercredi 2021.09.01 ABC"]
[Site "Montreal CAN"]
[Date "2021.09.08"]
[Round "2"]
[White "Gauthier, Luc"]
[Black "Jean, Robert"]
[Result "0-1"]
[WhiteElo "1702"]
[BlackElo "1817"]
[PlyCount "92"]
[EventDate "2021.09.01"]
[EventType "tourn"]
[EventRounds "5"]
[EventCountry "CAN"]

1. e4 c5 2. Nc3 Nc6 3. f4 g6 4. Nf3 Bg7 5. g3 e6 6. Bg2 Nge7 7. d3 d5 8. O-O
O-O 9. Qe2 Rb8 10. Nd1 b5 11. a3 a5 12. c3 a4 13. f5 exf5 14. Bf4 Rb6 15. Nf2
fxe4 16. dxe4 d4 17. Rad1 Be6 18. Qd2 Bb3 19. Rc1 Be6 20. Bh6 dxc3 21. Qxd8
Rxd8 22. Bxg7 Kxg7 23. Rxc3 c4 24. Rd1 f6 25. Rxd8 Nxd8 26. e5 fxe5 27. Nxe5
Rd6 28. Ne4 Rd1+ 29. Kf2 Nf7 30. Nxf7 Bxf7 31. Re3 Nf5 32. Re2 Nd4 33. Rd2
Rxd2+ 34. Nxd2 Be8 35. Nf3 Nc2 36. Ne5 c3 37. bxc3 Nxa3 38. Be4 Kf6 39. Ng4+
Ke6 40. Ke3 Nc4+ 41. Kd4 Nd2 42. Bd5+ Kd6 43. Ba2 Bd7 44. Ne3 Nf3+ 45. Kd3 Nxh2
46. Nc2 Nf1 0-1

[Event "Mercredi 2021.09.01 ABC"]
[Site "Montreal CAN"]
[Date "2021.09.08"]
[Round "2"]
[White "Kozlov, Guennadi"]
[Black "Jacquet, Stephane"]
[Result "0-1"]
[WhiteElo "1886"]
[BlackElo "2002"]
[PlyCount "96"]
[EventDate "2021.09.01"]
[EventType "tourn"]
[EventRounds "5"]
[EventCountry "CAN"]

1. e4 d6 2. d4 g6 3. Nc3 Bg7 4. Be3 a6 5. Qd2 b5 6. Bd3 Nd7 7. Nf3 Bb7 8. a4 b4
9. Ne2 c5 10. c3 bxc3 11. bxc3 Qc7 12. Ng3 Ngf6 13. O-O h5 14. h4 Ng4 15. Ng5
O-O 16. Qa2 Nxe3 17. fxe3 d5 18. Rf3 cxd4 19. cxd4 Qc3 20. Bc2 Bf6 21. Raf1
Bxg5 22. hxg5 Rac8 23. Qb3 Qxb3 24. Bxb3 Rc3 25. Bxd5 Bxd5 26. exd5 Ra3 27. Ne4
Rxa4 28. d6 e5 29. Nc5 Nxc5 30. dxc5 Rc4 31. d7 f5 32. gxf6 Kf7 33. Rd1 Rd8 34.
Rd5 a5 35. Rxe5 Rxd7 36. c6 Ra7 37. e4 Rxc6 38. Ra3 a4 39. Re7+ Rxe7 40. fxe7
Ra6 41. e8=Q+ Kxe8 42. Kf2 Kd7 43. Ke3 Kc6 44. Kd4 Kb5 45. Kd5 Kb4 46. Rf3 a3
47. Rf1 a2 48. e5 a1=Q 0-1

[Event "Mercredi 2021.09.01 ABC"]
[Site "Montreal CAN"]
[Date "2021.09.08"]
[Round "2"]
[White "Rodrigue-Lemieux, Shawn"]
[Black "Singher, Jean-Pierre"]
[Result "1-0"]
[WhiteElo "2396"]
[BlackElo "2093"]
[PlyCount "75"]
[EventDate "2021.09.01"]
[EventType "tourn"]
[EventRounds "5"]
[EventCountry "CAN"]

1. c4 c5 2. g3 g6 3. Bg2 Bg7 4. Nc3 Nc6 5. Nf3 e5 6. O-O d6 7. Ne1 Be6 8. d3
Nge7 9. Nc2 d5 10. cxd5 Nxd5 11. Ne3 Nde7 12. a3 a5 13. Nc4 O-O 14. f4 Rb8 15.
Be3 b5 16. Nxe5 Nxe5 17. fxe5 Bxe5 18. Bxc5 Nf5 19. Qd2 Qc7 20. Ne4 Rfc8 21.
Rac1 Qd8 22. e3 Bg7 23. Kh1 b4 24. axb4 axb4 25. d4 Bh6 26. d5 Rxc5 27. Nxc5
Bxe3 28. Qe2 Bxd5 29. Rcd1 Bxg2+ 30. Qxg2 Qe7 31. Nd7 Rc8 32. Rfe1 h5 33. Nb6
Rc5 34. Nd5 Qe6 35. Re2 h4 36. Nxe3 Nxe3 37. Qf3 Re5 38. Rde1 1-0

[Event "Mercredi 2021.09.01 ABC"]
[Site "Montreal CAN"]
[Date "2021.09.08"]
[Round "2"]
[White "Varfalvy, Peter"]
[Black "Shahabi, Shaha"]
[Result "1-0"]
[WhiteElo "1551"]
[BlackElo "1554"]
[PlyCount "99"]
[EventDate "2021.09.01"]
[EventType "tourn"]
[EventRounds "5"]
[EventCountry "CAN"]

1. Nf3 d5 2. b3 Nf6 3. Bb2 e6 4. e3 Nc6 5. Bb5 Bd7 6. d4 a6 7. Bxc6 Bxc6 8.
Nbd2 Be7 9. c4 dxc4 10. bxc4 O-O 11. O-O Ne4 12. Ne5 Qe8 13. Qc2 Ba4 14. Qxe4
f6 15. Nef3 Bb4 16. d5 exd5 17. cxd5 Qxe4 18. Nxe4 Bc2 19. Ng3 Rf7 20. Rac1 Bd3
21. Rfd1 Bb5 22. Nd4 Ba4 23. Rd3 Bd6 24. Ne6 Bb5 25. Rd2 Ba4 26. Nf5 h6 27.
Nxd6 cxd6 28. Rd3 Re8 29. Rdc3 Bd7 30. Rc7 Bxe6 31. dxe6 Rxe6 32. Rxf7 Kxf7 33.
Rc7+ Re7 34. Rc2 Ke6 35. Kf1 Rd7 36. Ke2 d5 37. Kd3 h5 38. f3 g5 39. Rc8 Kf5
40. Kd4 Ke6 41. Re8+ Kf7 42. Rh8 Kg6 43. h3 Rc7 44. Kd3 Rc6 45. Rd8 Rc5 46. Rd6
Rc6 47. Rxd5 f5 48. Ba3 h4 49. Rd6+ Kh5 50. Rxc6 1-0

[Event "Mercredi 2021.09.01 ABC"]
[Site "Montreal CAN"]
[Date "2021.09.15"]
[Round "3"]
[White "Bouchard, Jean-Marc"]
[Black "Dompierre, Remi"]
[Result "0-1"]
[WhiteElo "1833"]
[BlackElo "1652"]
[PlyCount "76"]
[EventDate "2021.09.01"]
[EventType "tourn"]
[EventRounds "5"]
[EventCountry "CAN"]

1. e4 e5 2. Nf3 Nf6 3. Qe2 Nc6 4. c3 Qe7 5. g3 g6 6. Bg2 Bg7 7. Na3 O-O 8. O-O
d5 9. d3 dxe4 10. dxe4 Rd8 11. Qc2 b6 12. Qa4 Bb7 13. h3 Nd7 14. b4 a5 15. b5
Nc5 16. Qc4 Nb8 17. Nd2 Nbd7 18. Nc2 Nf6 19. Ba3 Rxd2 20. Bxc5 Qxc5 21. Ne3
Rad8 22. Qxc5 bxc5 23. Nc4 Rc2 24. f3 a4 25. Rfc1 Rxc1+ 26. Rxc1 Ne8 27. Rc2
Kf8 28. Rd2 Rxd2 29. Nxd2 Nd6 30. c4 Bh6 31. Nb1 f5 32. Kf2 Ke7 33. Ke2 Bc8 34.
Kd3 Be6 35. g4 Bf4 36. a3 Kf6 37. exf5 gxf5 38. gxf5 Kxf5 0-1

[Event "Mercredi 2021.09.01 ABC"]
[Site "Montreal CAN"]
[Date "2021.09.15"]
[Round "3"]
[White "Jacquet, Stephane"]
[Black "Beaulieu, Pierre"]
[Result "1/2-1/2"]
[WhiteElo "2002"]
[BlackElo "1902"]
[PlyCount "77"]
[EventDate "2021.09.01"]
[EventType "tourn"]
[EventRounds "5"]
[EventCountry "CAN"]

1. d4 Nf6 2. c4 c5 3. d5 b5 4. cxb5 a6 5. bxa6 Bxa6 6. Nc3 d6 7. e4 Bxf1 8.
Kxf1 g6 9. g3 Bg7 10. Kg2 Nbd7 11. Nge2 O-O 12. Qc2 Qa5 13. Bd2 Rfb8 14. Rab1
Ne5 15. b3 Qa6 16. a4 Rb4 17. Nb5 Rxe4 18. Nec3 Rd4 19. Nxd4 cxd4 20. Nb5 Qb7
21. f3 Nxf3 22. Kxf3 Nxd5 23. Qe4 f5 24. Qe6+ Kh8 25. Kf2 Nf6 26. Rhg1 Ng4+ 27.
Ke2 Rc8 28. Rbc1 d3+ 29. Ke1 Rxc1+ 30. Bxc1 Be5 31. Qc4 Qf3 32. Rg2 Qxg2 33.
Qxd3 Nxh2 34. Bf4 Nf3+ 35. Kd1 Qg1+ 36. Ke2 Qg2+ 37. Kd1 Qg1+ 38. Ke2 Qg2+ 39.
Kd1 1/2-1/2

[Event "Mercredi 2021.09.01 ABC"]
[Site "Montreal CAN"]
[Date "2021.09.15"]
[Round "3"]
[White "Jean, Robert"]
[Black "Adam, Rafael"]
[Result "0-1"]
[WhiteElo "1817"]
[BlackElo "1864"]
[PlyCount "96"]
[EventDate "2021.09.01"]
[EventType "tourn"]
[EventRounds "5"]
[EventCountry "CAN"]

1. d4 Nf6 2. c4 e6 3. Nc3 Bb4 4. e3 O-O 5. Nge2 d5 6. a3 Be7 7. Nf4 a6 8. c5
Nbd7 9. Be2 c6 10. b4 e5 11. dxe5 Nxe5 12. Bb2 Qc7 13. h3 g5 14. Nd3 Nc4 15.
Na4 Nxb2 16. Ndxb2 Bf5 17. O-O Ne4 18. Bg4 Bg6 19. Bh5 Bf6 20. Rc1 Rfe8 21.
Bxg6 hxg6 22. Qc2 Re7 23. Nd1 Rae8 24. Nac3 Nxc3 25. Nxc3 d4 26. exd4 Bxd4 27.
Rcd1 Qf4 28. Qc1 Qf6 29. Rd3 Bxf2+ 30. Kh1 Re1 31. Rd1 Rxf1+ 32. Rxf1 Be3 33.
Qe1 Qe5 34. Nd1 Bd4 35. Qxe5 Rxe5 36. g4 Re2 37. a4 f5 38. gxf5 gxf5 39. Rxf5
Re1+ 40. Kg2 Rxd1 41. Rxg5+ Kf7 42. Rg4 Rg1+ 43. Kf3 Rxg4 44. hxg4 Bc3 45. b5
axb5 46. axb5 cxb5 47. Ke4 b4 48. Kd3 Kg6 0-1

[Event "Mercredi 2021.09.01 ABC"]
[Site "Montreal CAN"]
[Date "2021.09.15"]
[Round "3"]
[White "Kapush, Oleksandr"]
[Black "Rodrigue-Lemieux, Shawn"]
[Result "1/2-1/2"]
[WhiteElo "2008"]
[BlackElo "2396"]
[PlyCount "105"]
[EventDate "2021.09.01"]
[EventType "tourn"]
[EventRounds "5"]
[EventCountry "CAN"]

1. e4 c6 2. Nf3 d5 3. Nc3 Bg4 4. h3 Bxf3 5. Qxf3 Nf6 6. d3 e6 7. Bd2 Qb6 8.
O-O-O d4 9. Ne2 Bb4 10. Bxb4 Qxb4 11. g4 c5 12. g5 Nfd7 13. h4 Nc6 14. h5 Nde5
15. Qg3 Qa4 16. a3 b5 17. f4 Nd7 18. Bh3 b4 19. b3 Qxa3+ 20. Kd2 c4 21. g6 cxb3
22. gxf7+ Kf8 23. Rhg1 Ke7 24. Qxg7 Rhf8 25. Nxd4 Nxd4 26. Qxd4 bxc2 27. Ra1
Qb3 28. Ra6 Qc3+ 29. Qxc3 bxc3+ 30. Kxc2 Nc5 31. Rc6 Rac8 32. Rxc8 Rxc8 33. Rg8
Rf8 34. Rxf8 Kxf8 35. Kxc3 Kxf7 36. Kc4 Nd7 37. e5 a5 38. d4 Nb6+ 39. Kc5 a4
40. Kb4 Nd5+ 41. Kxa4 Nxf4 42. Bg4 Nd5 43. Kb5 h6 44. Kc5 Ke7 45. Bf3 Nf4 46.
Kc6 Nd3 47. Be4 Nf4 48. Bf3 Nd3 49. Kb5 Nf4 50. Kc4 Nh3 51. d5 exd5+ 52. Kxd5
Ng5 53. Bg4 1/2-1/2

[Event "Mercredi 2021.09.01 ABC"]
[Site "Montreal CAN"]
[Date "2021.09.15"]
[Round "3"]
[White "Lima-Barbosa, Raphael"]
[Black "Gauthier, Luc"]
[Result "0-1"]
[WhiteElo "1641"]
[BlackElo "1702"]
[PlyCount "70"]
[EventDate "2021.09.01"]
[EventType "tourn"]
[EventRounds "5"]
[EventCountry "CAN"]

1. d4 d5 2. c4 Nc6 3. Nf3 Bg4 4. Qa4 Bxf3 5. gxf3 e6 6. Nc3 Nge7 7. Bg5 f6 8.
Bf4 Ng6 9. Bg3 Bb4 10. e3 Nge7 11. c5 a6 12. Bh3 f5 13. Rg1 Ng6 14. a3 Bxc3+
15. bxc3 O-O 16. Kd2 e5 17. dxe5 Ncxe5 18. Ke2 Qf6 19. Qd4 c6 20. Bg2 f4 21.
exf4 Nxf4+ 22. Bxf4 Qxf4 23. Qxf4 Rxf4 24. Rab1 Rb8 25. Bh1 Nd7 26. Ke3 Rc4 27.
Rg4 Rxc3+ 28. Kd2 Rxa3 29. Rbg1 g6 30. f4 Ra2+ 31. Ke3 Re8+ 32. Kd4 Rxf2 33. h4
Nf6 34. Rg5 Rxf4+ 35. Kd3 Rxh4 0-1

[Event "Mercredi 2021.09.01 ABC"]
[Site "Montreal CAN"]
[Date "2021.09.15"]
[Round "3"]
[White "Milosz, Jerzy"]
[Black "Varfalvy, Peter"]
[Result "1/2-1/2"]
[WhiteElo "1595"]
[BlackElo "1551"]
[PlyCount "84"]
[EventDate "2021.09.01"]
[EventType "tourn"]
[EventRounds "5"]
[EventCountry "CAN"]

1. e4 c6 2. d4 d5 3. e5 c5 4. Bb5+ Bd7 5. Bxd7+ Qxd7 6. c3 e6 7. Be3 cxd4 8.
cxd4 Bb4+ 9. Bd2 Bxd2+ 10. Qxd2 Nc6 11. Nf3 Nge7 12. Na3 a6 13. Nc2 Rc8 14. Rc1
h6 15. O-O O-O 16. Nb4 Nxb4 17. Qxb4 Rxc1 18. Rxc1 Rc8 19. Rxc8+ Qxc8 20. g3
Kf8 21. Kf1 Ke8 22. Qc3 Qxc3 23. bxc3 Kd7 24. Ke2 b5 25. Nd2 Nc6 26. Nb3 a5 27.
Nc5+ Kc7 28. Kd2 b4 29. Na4 Na7 30. Kd3 bxc3 31. Nxc3 Kc6 32. a4 Nc8 33. f4 Nb6
34. g4 Nc4 35. h4 Kd7 36. Ke2 Ke7 37. f5 Nb2 38. fxe6 fxe6 39. h5 Nc4 40. Kd3
Na3 41. Kd2 Nc4+ 42. Kd3 Na3 1/2-1/2